|
|
|
|
| LEADER |
00000cam a2200000 7i4500 |
| 001 |
0000000355 |
| 005 |
20000804.0 |
| 020 |
0 |
0 |
|a 9679421732
|
| 090 |
0 |
0 |
|a 363.17060595
|b TAR 1989
|
| 100 |
0 |
0 |
|a TARIQ bin Abdul Razak
|
| 245 |
1 |
0 |
|a Pusat Keracunan Negara :
|b Konsep, fungsi, keperluan dan harapan
|c Tariq bin Abd. Razak
|
| 260 |
0 |
0 |
|a Bangi :
|b Penerbit Universiti Kebangsaan Malaysia ,
|c 1989
|
| 300 |
|
|
|a 33 p. ;
|c 22 cm.
|
| 490 |
0 |
0 |
|a Syarahan perdana Universiti Kebangsaan Malaysia
|
| 500 |
0 |
0 |
|a Bibliography: [p. 33]
|
| 610 |
1 |
0 |
|a Pusat Keracunan Negara
|
| 650 |
0 |
0 |
|a Poison Control Centres
|z Malaysia
|
| 650 |
0 |
0 |
|a Poisons
|x Safety measures
|
| 650 |
0 |
0 |
|a Toxicology
|
| 999 |
|
|
|a 0000001409
|b Monograph
|c Open Shelf
|e Default branch
|